Catálogo público

Thermal food processing : (Record no. 176996)

MARC details
000 -CABECERA
campo de control de longitud fija 04634nam a2200433Ia 4500
001 - NÚMERO DE CONTROL
campo de control dia_3404
003 - IDENTIFICADOR DEL NÚMERO DE CONTROL
campo de control CHAP
005 - FECHA Y HORA DE LA ÚLTIMA TRANSACCIÓN
campo de control 20230418124423.0
007 - CAMPO FIJO DE DESCRIPCIÓN FÍSICA--INFORMACIÓN GENERAL
campo de control de longitud fija ta
008 - DATOS DE LONGITUD FIJA--INFORMACIÓN GENERAL
campo de control de longitud fija 220117s2012 -usdao f 001 0 spa d
010 ## - NÚMERO DE CONTROL DE LA BIBLIOTECA DEL CONGRESO
Número de control de LC 176996
020 ## - NÚMERO INTERNACIONAL ESTÁNDAR DEL LIBRO
Número Internacional Estándar del Libro 978-1-138-19963-7
040 ## - FUENTE DE LA CATALOGACIÓN
Centro/agencia transcriptor CHAP
Centro catalogador/agencia de origen mxchpua
050 10 - SIGNATURA TOPOGRÁFICA DE LA BIBLIOTECA DEL CONGRESO
Número de clasificación TX601
Número de documento/Ítem .T44 2012
082 00 - NÚMERO DE LA CLASIFICACIÓN DECIMAL DEWEY
Número de clasificación 664.028
Número de documento/Ítem T44 2012
Número de edición 20
245 ## - MENCIÓN DE TÍTULO
Título Thermal food processing :
Resto del título new technologies and quality issues /
Mención de responsabilidad, etc. editor Da-Wen Sun
250 ## - MENCIÓN DE EDICIÓN
Mención de edición 2a edición
264 ## - PRODUCCIÓN, PUBLICACIÓN, DISTRIBUCIÓN, FABRICACIÓN Y COPYRIGHT
Producción, publicación, distribución, fabricación y copyright Boca Raton, FL :
Nombre del de productor, editor, distribuidor, fabricante CRC Press,
Fecha de producción, publicación, distribución, fabricación o copyright 2012
300 ## - DESCRIPCIÓN FÍSICA
Extensión xix, 666 páginas :
Otras características físicas ilustraciones, gráficas, diagramas, tablas, fotos
336 ## - TIPO DE CONTENIDO
Fuente rdacontent
Término de tipo de contenido text
Código de tipo de contenido txt
337 ## - TIPO DE MEDIO
Fuente rdamedia
Nombre/término del tipo de medio unmediated
Código del tipo de medio n
338 ## - TIPO DE SOPORTE
Fuente rdacarrier
Nombre/término del tipo de soporte volumen
Código del tipo de soporte nc
490 1# - MENCIÓN DE SERIE
Mención de serie Contemporary Food Engineering Series / edición Da-Wen Sun
504 ## - NOTA DE BIBLIOGRAFÍA, ETC.
Nota de bibliografía, etc. Incluye bibliografías
520 ## - SUMARIO, ETC.
Sumario, etc. "The challenge of maintaining both quality and safety in the thermal processing of foods results from the degradation of heat-sensitive quality attributes during processing. The editor of Thermal Food Processing: New Technologies and Quality Issues presents a comprehensive reference through authors that assist in meeting this challenge by explaining the latest developments and analyzing the latest trends in thermal food processing research and development. The book is divided into three parts for easy reference. Part I, Modeling of Thermal Food Processes, discusses the thermal physical properties of foods, recent developments in heat and mass transfer, innovative modeling techniques including artificial neural network modeling, and computational fuel dynamics. Part II, Quality and Safety of Thermally Processed Food, provides the latest research and development information used to maintain high quality and safety standards for certain types of food products including thermally processed meat, poultry, fishery products, dairy products, canned foods, and vegetables. Part III, Innovations in Thermal Food Processes, details existing, alternative thermal processing technologies, outlining their potential, future application in the food industry. These innovations include the ohmic heating technique, radio frequency energies, infrared rays, the combination of pressure and pH with thermal processing, and time-temperature integrators used in evaluating and controlling thermal processes"
520 ## - SUMARIO, ETC.
Sumario, etc. "Preface Thermal processing is one of the most important processes in the food industry. The concept of thermal processing is based on heating foods for a certain length of time at a certain temperature. The challenge of developing advanced thermal processing for the food industry is continuing in line with the demand for enhanced food safety and quality as associated with thermal processing is always some undesirable degradation of heat-sensitive quality attributes. The first edition of this book was published in 2006, with the aim of providing a comprehensive review of the latest developments in thermal food processing technologies, of stressing topics vital to the food industry today, of pinpointing the trends in future research and development, and of assembling essential, authoritative, and complete references and data that can be used by the researcher in the university and research institution or can serve as a valuable reference source for undergraduate and postgraduate studies. This will continue to be the purpose of this second edition. In the second edition, besides updating or rewriting individual chapters with the latest developments in each topic area, five new chapters have been added in order to enhance the contents of the book. In Part I, two new chapters, Thermal Effects in Food Microbiology and Modeling Thermal Microbial Inactivation Kinetics, have been added to provide fundamental knowledge of the related food safety issues raised in subsequent chapters. In Part II, a new chapter, Thermal Processing of Fruits and Fruit Juices, has been added to provide a complete coverage of thermally processed food products"
650 13 - PUNTO DE ACCESO ADICIONAL DE MATERIA--TÉRMINO DE MATERIA
Término de materia o nombre geográfico como elemento de entrada Almacenamiento de alimentos
9 (RLIN) 148411
650 13 - PUNTO DE ACCESO ADICIONAL DE MATERIA--TÉRMINO DE MATERIA
Término de materia o nombre geográfico como elemento de entrada Preservación de alimentos
9 (RLIN) 144378
650 13 - PUNTO DE ACCESO ADICIONAL DE MATERIA--TÉRMINO DE MATERIA
Término de materia o nombre geográfico como elemento de entrada Calidad de procesamiento de los alimentos
9 (RLIN) 153417
650 13 - PUNTO DE ACCESO ADICIONAL DE MATERIA--TÉRMINO DE MATERIA
Término de materia o nombre geográfico como elemento de entrada Food preservation
9 (RLIN) 147769
650 13 - PUNTO DE ACCESO ADICIONAL DE MATERIA--TÉRMINO DE MATERIA
Término de materia o nombre geográfico como elemento de entrada Food storage
9 (RLIN) 148413
650 13 - PUNTO DE ACCESO ADICIONAL DE MATERIA--TÉRMINO DE MATERIA
Término de materia o nombre geográfico como elemento de entrada Food processing quality
9 (RLIN) 153419
700 1# - PUNTO DE ACCESO ADICIONAL--NOMBRE DE PERSONA
Nombre de persona Sun, Da-Wen
9 (RLIN) 159894
Término indicativo de función/relación editor
830 ## - PUNTO DE ACCESO ADICIONAL DE SERIE-TÍTULO UNIFORME
Título uniforme Contemporary Food Engineering Series / edición Da-Wen Sun (CRC)
9 (RLIN) 159943
942 ## - ELEMENTOS DE PUNTO DE ACCESO ADICIONAL (KOHA)
Tipo de ítem Koha Libro
Fuente del sistema de clasificación o colocación Dewey Decimal Classification
901 ## - ELEMENTOS DE DATOS A LOCAL LDA (RLIN)
a 664.028 T44 2012
902 ## - ELEMENTOS DE DATOS B LOCAL, LDB (RLIN)
a M
905 ## - ELEMENTOS DE DATOS E LOCAL, LDE (RLIN)
a 5232272012 -usaimn8222223322eng16
Holdings
Estado de retiro Estado de pérdida Fuente del sistema de clasificación o colocación Estado dañado Restricciones de uso No para préstamo Código de colección Localización permanente Ubicación/localización actual Fecha de adquisición Fuente de adquisición Número de inventario Total de préstamos Signatura topográfica completa Código de barras Fecha visto por última vez Número de copia Precio válido a partir de Tipo de ítem Koha Fecha del último préstamo
    Dewey Decimal Classification   Préstamo interno   General Ingenieria Agroindustrial Ingenieria Agroindustrial 18/01/2022 Compra 264445   664.028 T44 2012 1102009122 18/01/2022 Ej. 1 18/01/2022 Libro  
    Dewey Decimal Classification   Préstamo 5 días   General Ingenieria Agroindustrial Ingenieria Agroindustrial 28/11/2019 Compra Consumo   664.028 T44 2012 1102014364 29/07/2022 Ej. 2 29/07/2022 Libro  
    Dewey Decimal Classification   Préstamo 5 días   General Ingenieria Agroindustrial Ingenieria Agroindustrial 07/12/2021 Compra Carvann Books F. C20 Consumo 1 664.028 T44 2012 1102005566 26/04/2023 Ej. 3 14/03/2023 Libro 19/04/2023